00310nam a2200121 a 45000010005000000030005000050050017000100080041000270400020000681000025000882450055001132600020001682343CDMR20130116135228.0130130s1973||||||||||||||||||||||||||||d aCDMRbcatcCDMR1 aOrta Sagalas, José13aLa sección local ayer y hoycJosé Orta Sagalas aBarcelonac1973